Statistics for States with no Voter ID

Click here to take the quiz!

General Stats

  • This quiz has been taken 17 times
  • The average score is 12 of 15

Answers on the Map

Answers color-coded by a green-red scale on the quiz's map according to % correct below.
 

Answer Stats

Answer% Correct
California
100%
Oregon
100%
Nevada
91%
New Mexico
91%
Maine
82%
Minnesota
82%
Vermont
82%
Virginia
82%
Maryland
73%
Massachusetts
73%
New Jersey
73%
Wyoming
73%
Illinois
64%
Pennsylvania
64%
Nebraska
55%

Score Distribution

Percentile by Number Answered

Percent of People with Each Score

Your Score History

You have not taken this quiz